Automatická syntéza bezhazardných logických kombinačných.

Enregistré dans:
Détails bibliographiques
Auteur principal: Baltazarovič, Peter (Auteur)
Autres auteurs: Kolesár, Milan, 1942- (Directeur de thèse)
Format: Manuscrit Livre
Langue:slovaque
Publié: Bratislava : STU v Bratislave FEI, 2001
Sujets:
Tags: Ajouter un tag
Pas de tags, Soyez le premier à ajouter un tag!

MARC

LEADER 00000ntm a22000003a 4500
001 stu73527
005 20160719164800.7
008 020131s2001------------------------slo-d
040 |a STU  |b slo 
041 0 |a slo 
100 1 |a Baltazarovič, Peter  |4 aut 
245 1 |a Automatická syntéza bezhazardných logických kombinačných. 
260 |a Bratislava :  |b STU v Bratislave FEI,  |c 2001 
300 |a 81 s 
650 7 |a informatika  |2 stusub 
700 1 |a Kolesár, Milan,  |d 1942-  |4 ths  |u E220  |U FEI Fakulta elektrotechniky a informatiky  |T FEI Katedra informatiky a výpočtovej techniky  |X 2137  |U E220  |Y 69  |7 2137 
996 |b EDIPL-6814  |c I*DIPL-6814  |l II680  |s A  |a 24  |w stu73527_0001